Business intelligence, analytics and data science: A managerial perspective (Record no. 1196)

MARC details
000 -LEADER
fixed length control field 00514nam a2200181Ia 4500
008 - FIXED-LENGTH DATA ELEMENTS--GENERAL INFORMATION
fixed length control field 230917s9999||||xx |||||||||||||| ||und||
020 ## - ISBN
Price RS 670.00
040 ## - CATALOGING SOURCE
-- 5002015
Original cataloging agency VIVEKANANDA LIBRARY
041 ## - Language
-- English
082 ## - DDC NUMBER
Classification number 658.472 S23B(4)
100 ## - MAIN ENTRY--PERSONAL NAME
Personal name Sharda, Ramesh
245 #0 - TITLE STATEMENT
Title Business intelligence, analytics and data science: A managerial perspective
250 ## - EDITION STATEMENT
Edition statement 4th ed.
260 ## - PUBLICATION, DISTRIBUTION, ETC. (IMPRINT)
Place of publication, distribution, etc Noida
Name of publisher, distributor, etc Pearson India Education
Date of publication, distribution, etc 2019
300 ## - PHYSICAL DESCRIPTION
Pages 512 p.
500 ## - GENERAL NOTE
General note 3938 03/01/2020 HBD20/8206 31/01/2020
942 ## - ADDED ENTRY ELEMENTS (KOHA)
Koha item type Books
Holdings
Withdrawn status Lost status Damaged status Not for loan Location (home branch) Sublocation or collection (holding branch) Shelving location Date acquired Koha issues (times borrowed) Koha full call number Accession No. Koha date last seen Koha item type
        VIVEKANANDA LIBRARY VIVEKANANDA LIBRARY IMSAR Library 12/02/2020   658.472 S23B(4) 392131 17/09/2023 Books
© Designed and Maintained by Vivekananda Library, MDU Rohtak